| 000 | 00406nam a2200145 i 4500 | ||
|---|---|---|---|
| 001 | bg | ||
| 100 | 1 | _aCZARNOTA-BOJARSKI, Roman. | |
| 245 | 0 |
_aMechanika gruntów i fundamentowanie. _nCz.1 / _cRoman Czarnota-Bojarski. |
|
| 260 |
_aWarszawa : _bWydawnictwa Politechniki Warszawskiej, _c1973. |
||
| 040 | _cBPK | ||
| 041 | _apol | ||
| 080 | _a624.131 | ||
| 942 | _cKS | ||
| 008 | s pl f |000 0 pol | ||
| 999 |
_c290 _d290 |
||
| 856 |
_uhttp://koha.tu.koszalin.pl/cgi-bin/koha/opac-detail.pl?biblionumber=290 _yKatalog online BPK |
||